书目信息 |
| 题名: |
滨海山地城市风廊发掘与设计策略
|
|
| 作者: | 张弘驰 , 郭飞 著 | |
| 分册: | ||
| 出版信息: | 北京 中国建筑工业出版社 2022.05 |
|
| 页数: | 187页 | |
| 开本: | 26cm | |
| 丛书名: | ||
| 单 册: | ||
| 中图分类: | TU984.2 | |
| 科图分类: | ||
| 主题词: | 城市规划--cheng shi gui hua--空气流动--研究--中国 | |
| 电子资源: | ||
| ISBN: | 978-7-112-27182-5 | |
| 000 | 01481nam0 2200253 450 | |
| 001 | 27161 | |
| 005 | 20220921091041.62 | |
| 010 | @a978-7-112-27182-5@dCNY49.00 | |
| 100 | @a20220616d2022 em y0chiy50 ea | |
| 101 | 0 | @achi |
| 102 | @aCN@b110000 | |
| 105 | @aa a 000yy | |
| 200 | 1 | @a滨海山地城市风廊发掘与设计策略@Abin hai shan di cheng shi feng lang fa jue yu she ji ce lue@f张弘驰, 郭飞著 |
| 210 | @a北京@c中国建筑工业出版社@d2022.05 | |
| 215 | @a187页@c图@d26cm | |
| 314 | @a张弘驰, 建筑学博士, 大连理工大学建筑与艺术学院讲师、硕士生导师。长期从事城市空间量化、城市气候韧性等研究工作。郭飞, 建筑技术科学博士, 大连理工大学建筑与艺术学院教授、博士生导师、副院长, 国家一级注册建筑师。 | |
| 320 | @a有书目 (第176-187页) | |
| 330 | @a本书包括6章, 分别是: 绪论、通风廊道相关理论综述、基于FAI与LCP的通风廊道发掘研究、基于CFD模拟和实测的通风廊道验证、星海湾通风廊道设计策略、总结与展望等内容。书后还有附录。本书通过对典型高密度城市街区的风环境研究, 统计分析并计算其气候特征和建筑形态数据, 发掘城市通风廊道, 以此作为城市建设发展的定量依据。采用的山体FAI新模型、纳入山体FAI折减系数的新方法和针对滨海山地城市的气候地形特征分析, 对主要受海陆风影响、地形复杂的地区进行风廊发掘具有重要参考价值, 为进一步建设生态宜居城市提供强有力的规划指导。 | |
| 606 | 0 | @a城市规划@Acheng shi gui hua@x空气流动@x研究@y中国 |
| 690 | @aTU984.2@v5 | |
| 701 | 0 | @a张弘驰@Azhang hong chi@4著 |
| 701 | 0 | @a郭飞@Aguo fei@4著 |
| 801 | 0 | @aCN@c20220910 |
| 905 | @a河南城建学院图书馆@dTU984.2@eZ110@f2 | |
| 滨海山地城市风廊发掘与设计策略/张弘驰, 郭飞著.-北京:中国建筑工业出版社,2022.05 |
| 187页:图;26cm |
| ISBN 978-7-112-27182-5:CNY49.00 |
| 本书包括6章, 分别是: 绪论、通风廊道相关理论综述、基于FAI与LCP的通风廊道发掘研究、基于CFD模拟和实测的通风廊道验证、星海湾通风廊道设计策略、总结与展望等内容。书后还有附录。本书通过对典型高密度城市街区的风环境研究, 统计分析并计算其气候特征和建筑形态数据, 发掘城市通风廊道, 以此作为城市建设发展的定量依据。采用的山体FAI新模型、纳入山体FAI折减系数的新方法和针对滨海山地城市的气候地形特征分析, 对主要受海陆风影响、地形复杂的地区进行风廊发掘具有重要参考价值, 为进一步建设生态宜居城市提供强有力的规划指导。 |
| ● |
| 相关链接 |
|
|
|
正题名:滨海山地城市风廊发掘与设计策略
索取号:TU984.2/Z110
 
预约/预借
| 序号 | 登录号 | 条形码 | 馆藏地/架位号 | 状态 | 备注 |
| 1 | 1578981 | 215789813 | 建筑库201/201建筑库 65排3列3层/ [索取号:TU984.2/Z110] | 在馆 | |
| 2 | 1578982 | 215789822 | 建筑库201/201建筑库 65排3列3层/ [索取号:TU984.2/Z110] | 在馆 |